000 00846nam a22001817a 4500
003 JO-AjAnu
005 20240429112645.0
008 240429b jo ||||| |||| 00| 0 ara d
040 _aJO-AjAnu
_cJO-AjAnu
041 _aara
050 _aDP99
_b2020
100 1 _aالمعموري، محمد عبدالله عبد فزع
_965390
245 2 0 _aالمستعربون في الأندلس : دراسة في اوضاعهم الاجتماعية والاقتصادية والفكرية (29-541)هـ / (701-1146)هـ /
_cمحمد عبدالله عبد فزع المعموري
260 _aعمان :
_bالرضوان للنشر والتوزيع ،
_c2020
300 _a244صفحة
650 7 0 _aتاريخ الاندلس - الحياة الاجتماعية - الحياة الاقتصادية - العصر العباسي
_965391
942 _2lcc
_cBK
_n0
999 _c33470
_d33470